LEADER 05157nam 2200589 450 001 9910150324103321 005 20220829160742.0 010 $a1-4919-1348-7 010 $a1-4919-1347-9 010 $a1-4919-1346-0 035 $a(CKB)3710000000932654 035 $a(MiAaPQ)EBC4740907 035 $a(WaSeSS)IndRDA00090774 035 $a(CaSebORM)9781491913475 035 $a(EXLCZ)993710000000932654 100 $a20161128d20172017 uy 0 101 0 $aeng 135 $aurcnu|||||||| 181 $2rdacontent 182 $2rdamedia 183 $2rdacarrier 200 04$aThe Kerbal player's guide $ethe easiest way to launch a space program /$fJon Manning [et al.] 205 $aFirst edition. 210 1$aBeijing :$cO'Reilly,$d2017. 210 4$d©2017 215 $a1 online resource (427 pages) $cillustrations 300 $aIncludes index. 311 1 $a1-4919-1305-3 311 1 $a1-4919-1349-5 327 $aCopyright; Table of Contents; Preface; Audience; Organization of This Book; Part I; Part II; Part III; Conventions Used in This Book; Supplementary Material; O'Reilly Safari; How to Contact Us; Acknowledgments; Jon, Paris, and Tim; Alasdair Allan; Paul Fenwick; Part I. Getting Started; Chapter 1. You Will Go to Space Today; Getting Kerbal Space Program; Going to Space; Getting Started; Accepting a Mission; Building the World's Simplest Rocket; Launching the World's Simplest Rocket; What to Do Next; Chapter 2. Rockets!; Rocket Design; Design for Your Mission; Forces on Your Rockets; Shape Building a Rocket Vehicle Assembly Building; Rocket Parts; Connecting the Rocket; Remember the Mission; Getting Back Down; Summary; Chapter 3. Maneuvers; Launching into Orbit; The Launch Pad; Test Rocket: TKB-01 "Let's Hope This Works"; Launching the Rocket; Launching; Establishing an Orbit; Circularizing; Maneuver Nodes; Doing an EVA; Reentry; Landing (and Walking Away from It); Docking; Test Rocket TKB-DK-2: "In-Orbit Construction Is Totally in Now"; Rendezvous; Approach; Docking; Resource Management; Undocking; Summary; Chapter 4. Planes in Space; Heading Out for a Joyride Designing for Flight Aerodynamic Forces; Building a Plane; Designing Good Planes; Optimizing the Center of Lift; NiftyPlane 9000; Design; Taking It to Orbit; Summary; Chapter 5. The Worlds of Kerbal Space Program; Meet the Kerbals; A Space Tourist's Guide to the Kerbol System; Kerbol; Moho; Eve; Kerbin; Duna; Dres; Jool; Eeloo; Summary; Part II. Adventures in Space; Chapter 6. Running a Space Program; Resources in Career Mode; Upgrading Your Space Center; Science, Technology, and Research; Doing Science; Science and Situations; Mobile Processing Labs; Hiring Kerbonauts Kerbonaut Skills and Experience Taking Contracts; Managing Your Funds; Reputation; Strategies; Customizing Your Experience; Tips for Success; Chapter 7. Historical Reenactment; Sputnik 1 (First Satellite in Orbit); Design; Launch; Aftermath; Vostok 1 (First Human Space Flight); Design; Launch; Aftermath; Luna 9 (First Soft Landing of Probe on Moon); Design; Launch; Aftermath; Apollo 11 (First Crewed Moon Landing); Design; Launch; Rearranging the Ship; Landing on Mun; Returning Home; Aftermath; Apollo 15 (First Lunar Rover); Design; Launch; Aftermath; Summary; Chapter 8. Getting to the Planets Transferring Between Celestial Objects Destination: Duna; The Duna Exploration Rover; Getting the Rover onto the Surface; Getting the Rover to Duna; Flying the Mission; A Flight over Laythe; The Laythe Glider; Flying to Laythe; A Probe to Eve; The Eve Probe; Flying to Eve; Summary; Chapter 9. Rocket Science; The Law of Conservation of Momentum; Thrust-to-Weight Ratio; Specific Impulse; Delta-v; The Rocket Equation; Derivation of the Rocket Equation; Center of Mass, Thrust, and Drag; Orbits; Getting to Orbit; The Gravity Turn; Gravity Losses; Atmospheric Drag; The Ka?rma?n Line; Basic Orbiting 330 $aKerbal Space Program (KSP) is a critically acclaimed, bestselling space flight simulator game. It?s making waves everywhere from mainstream media to the actual space flight industry, but it has a bit of a learning curve. In this book, five KSP nerds?including an astrophysicist?teach you everything you need to know to get a nation of tiny green people into space. Perfect for video game players, simulation game players, Minecrafters, and amateur astronomers. 517 3 $aEasiest way to launch a space program 606 $aComputer flight games 606 $aFlight simulators$xComputer programs 606 $aSpace flight$xComputer simulation 608 $aElectronic books. 615 0$aComputer flight games. 615 0$aFlight simulators$xComputer programs. 615 0$aSpace flight$xComputer simulation. 676 $a794.8753 700 $aManning$b Jon$01210368 702 $aNugent$b Tim 702 $aFenwick$b Paul$c(Science educator), 702 $aAllan$b Alasdair 702 $aButtfield-Addison$b Paris 801 0$bMiAaPQ 801 1$bMiAaPQ 801 2$bMiAaPQ 906 $aBOOK 912 $a9910150324103321 996 $aThe Kerbal player's guide$92793165 997 $aUNINA LEADER 04349nam 22007215 450 001 9910300412003321 005 20200702123420.0 010 $a3-319-07085-1 024 7 $a10.1007/978-3-319-07085-8 035 $a(CKB)3710000000205403 035 $a(EBL)1783008 035 $a(OCoLC)894170069 035 $a(SSID)ssj0001298860 035 $a(PQKBManifestationID)11725153 035 $a(PQKBTitleCode)TC0001298860 035 $a(PQKBWorkID)11242258 035 $a(PQKB)10844687 035 $a(DE-He213)978-3-319-07085-8 035 $a(MiAaPQ)EBC1783008 035 $a(PPN)179927914 035 $a(EXLCZ)993710000000205403 100 $a20140722d2015 u| 0 101 0 $aeng 135 $aur|n|---||||| 181 $ctxt 182 $cc 183 $acr 200 10$aTunneling Dynamics in Open Ultracold Bosonic Systems $eNumerically Exact Dynamics ? Analytical Models ? Control Schemes /$fby Axel U. J. Lode 205 $a1st ed. 2015. 210 1$aCham :$cSpringer International Publishing :$cImprint: Springer,$d2015. 215 $a1 online resource (143 p.) 225 1 $aSpringer Theses, Recognizing Outstanding Ph.D. Research,$x2190-5053 300 $aDescription based upon print version of record. 311 $a3-319-07084-3 320 $aIncludes bibliographical references at the end of each chapters and index. 327 $aIntroduction -- Theory and Methods -- Benchmarks with Analytically Solvable Problems -- A Case Study with an attractive BEC: Comparison of Lattice and Continuous Space Theories -- Theoretical Considerations and Analytical Models on the Many-Body Physics of Tunneling Bosons -- Many-Boson Tunneling without a Threshold -- Many-Boson Tunneling with a Threshold -- Final Remarks. 330 $aThis thesis addresses the intriguing topic of the quantum tunnelling of many-body systems such as Bose-Einstein condensates. Despite the enormous amount of work on the tunneling of a single particle through a barrier, we know very little about how a system made of several or of many particles tunnels through a barrier to open space. The present work uses numerically exact solutions of the time-dependent many-boson Schrödinger equation to explore the rich physics of the tunneling to open space process in ultracold bosonic particles that are initially prepared as a Bose-Einstein condensate and subsequently allowed to tunnel through a barrier to open space. The many-body process is built up from concurrently occurring single particle processes that are characterized by different momenta. These momenta correspond to the chemical potentials of systems with decreasing particle number. The many-boson process exhibits exciting collective phenomena: the escaping particles  fragment and lose their coherence with the source and among each other, whilst correlations build up within the system. The detailed understanding of the many-body process is used to devise and test a scheme to control the final state, momentum distributions and even the correlation dynamics of the tunneling process. 410 0$aSpringer Theses, Recognizing Outstanding Ph.D. Research,$x2190-5053 606 $aQuantum theory 606 $aSuperconductivity 606 $aSuperconductors 606 $aQuantum computers 606 $aSpintronics 606 $aQuantum Physics$3https://scigraph.springernature.com/ontologies/product-market-codes/P19080 606 $aStrongly Correlated Systems, Superconductivity$3https://scigraph.springernature.com/ontologies/product-market-codes/P25064 606 $aQuantum Information Technology, Spintronics$3https://scigraph.springernature.com/ontologies/product-market-codes/P31070 615 0$aQuantum theory. 615 0$aSuperconductivity. 615 0$aSuperconductors. 615 0$aQuantum computers. 615 0$aSpintronics. 615 14$aQuantum Physics. 615 24$aStrongly Correlated Systems, Superconductivity. 615 24$aQuantum Information Technology, Spintronics. 676 $a624.193 700 $aLode$b Axel U. J$4aut$4http://id.loc.gov/vocabulary/relators/aut$0792804 801 0$bMiAaPQ 801 1$bMiAaPQ 801 2$bMiAaPQ 906 $aBOOK 912 $a9910300412003321 996 $aTunneling Dynamics in Open Ultracold Bosonic Systems$91773033 997 $aUNINA